[Event "4NCL Division Three East"]
[Site "Milton Keynes, ENG"]
[Date "2023.04.30"]
[Round "10.23"]
[White "Graham, William M"]
[Black "Thompson, Ian D"]
[Result "0-1"]
[WhiteElo "1995"]
[BlackElo "2078"]
[PlyCount "176"]
[EventDate "2023.04.30"]
[WhiteTeam "Sussex Martlets 2"]
[BlackTeam "Crowthorne A"]

1. c4 e6 2. g3 d5 3. d4 Nf6 4. Nf3 c5 5. cxd5 exd5 6. Bg2 Nc6 7. O-O Be7 8. Nc3
O-O 9. Bg5 c4 10. Ne5 Be6 11. e3 Ne8 12. Bxe7 Nxe7 13. b3 f6 14. Nf3 Nd6 15.
bxc4 Nxc4 16. Nd2 Rc8 17. Rc1 Qa5 18. Nb3 Qb4 19. Nc5 Bf7 20. Qb3 Qxb3 21. axb3
Nd6 22. Ra1 b6 23. Rxa7 bxc5 24. Rxe7 cxd4 25. Nxd5 dxe3 26. Rxe3 Kh8 27. Nf4
Rb8 28. Bd5 g5 29. Ne6 Rfc8 30. Rd1 Bg6 31. Nd4 Rc5 32. Be6 h5 33. Kg2 Rb4 34.
Rd2 Ne4 35. Rd1 g4 36. Bc4 Ng5 37. Ne6 Nxe6 38. Rxe6 Rc7 39. Rdd6 Bc2 40. Re3
Kg7 41. Rd2 Bg6 42. f3 Bf7 43. Bxf7 Kxf7 44. fxg4 hxg4 45. Kf2 Rc1 46. Rb2 Rh1
47. Kg2 Rc1 48. h3 gxh3+ 49. Kxh3 Kg6 50. Kg2 Kg5 51. Rf3 f5 52. Rbf2 Rb5 53.
Rd3 Rb1 54. Rff3 Rb2+ 55. Kf1 Ra5 56. Ke1 Rh2 57. Rf1 Ra1+ 58. Rd1 Raa2 59. Rb1
Rhe2+ 60. Kd1 Rg2 61. Kc1 Rxg3 62. Rb2 Ra1+ 63. Rb1 Rxb1+ 64. Kxb1 Rxb3+ 65.
Kc2 Re3 66. Kd2 Re4 67. Kd3 Kf6 68. Rh1 Re7 69. Rf1 Re5 70. Kd4 Ke6 71. Rf4 Re1
72. Rf3 Kf6 73. Rf2 Kg5 74. Rg2+ Kf4 75. Rg7 Rd1+ 76. Kc3 Kf3 77. Kc2 Rd5 78.
Rg5 Kf4 79. Rg8 Rd6 80. Rg1 Ke3 81. Rg8 f4 82. Rf8 f3 83. Re8+ Kf2 84. Rf8 Ke2
85. Re8+ Kf1 86. Rf8 f2 87. Re8 Rd4 88. Kc3 Rg4 0-1

[Event "4NCL Division Three East"]
[Site "Milton Keynes, ENG"]
[Date "2023.04.30"]
[Round "10.24"]
[White "Duckers, Harvey L"]
[Black "Ursell, Adam R"]
[Result "1-0"]
[WhiteElo "2022"]
[BlackElo "1923"]
[PlyCount "85"]
[EventDate "2023.04.30"]
[WhiteTeam "Crowthorne A"]
[BlackTeam "Sussex Martlets 2"]

1. c4 e5 2. Nc3 Nf6 3. Nf3 Nc6 4. e3 Bb4 5. Qc2 Bxc3 6. dxc3 O-O 7. Be2 d6 8.
h3 b6 9. e4 Ne7 10. Bg5 Ng6 11. g3 Bb7 12. Nd2 h6 13. Be3 Ne7 14. Rg1 c6 15.
O-O-O d5 16. f4 exf4 17. gxf4 Re8 18. e5 Ng6 19. Bd3 Ne4 20. Nxe4 dxe4 21. Bxe4
Qh4 22. Bxg6 fxg6 23. Qxg6 Re7 24. f5 c5 25. Bxh6 Be4 26. Bg5 Qf2 27. Bd2 Bxf5
28. Qd6 Rd7 29. Qf6 Rf8 30. Qg5 Qe2 31. Qe3 Qxc4 32. b3 Qe6 33. Qg3 Rff7 34.
Bg5 Bh7 35. Kb2 Bf5 36. Bf6 g6 37. h4 Rxf6 38. Rxd7 Rf8 39. Rd6 Qf7 40. h5 Kg7
41. Qg5 Be4 42. Rf6 Qe7 43. Rxg6+ 1-0

[Event "4NCL Division Three East"]
[Site "Milton Keynes, ENG"]
[Date "2023.04.30"]
[Round "10.25"]
[White "Hedger, Alec"]
[Black "Purdon, Colin"]
[Result "1/2-1/2"]
[WhiteElo "2007"]
[BlackElo "1975"]
[PlyCount "128"]
[EventDate "2023.04.30"]
[WhiteTeam "Sussex Martlets 2"]
[BlackTeam "Crowthorne A"]

1. e4 c6 2. d4 d5 3. exd5 cxd5 4. c4 Nf6 5. Nc3 Nc6 6. Nf3 g6 7. cxd5 Nxd5 8.
Qb3 Nxc3 9. Bc4 Nd5 10. Bxd5 e6 11. Bxc6+ bxc6 12. O-O Qd5 13. Bg5 Bg7 14. Qa3
f6 15. Bf4 g5 16. Bc7 g4 17. Nd2 Bb7 18. Rfe1 f5 19. Qb3 Bc8 20. Qxd5 cxd5 21.
Be5 Bxe5 22. Rxe5 Rb8 23. Nb3 Ke7 24. Rae1 Kf7 25. Nc5 Rxb2 26. Nxe6 Bxe6 27.
Rxe6 Rc8 28. Re7+ Kf8 29. R7e5 Rxa2 30. Rxd5 Rc7 31. Rxf5+ Rf7 32. Rxf7+ Kxf7
33. g3 Rd2 34. Ra1 Rxd4 35. Rxa7+ Kg6 36. Kg2 Rb4 37. Ra6+ Kg7 38. h3 h5 39.
hxg4 hxg4 40. Kf1 Re4 41. Rd6 Kf7 42. Rh6 Re8 43. Rh4 Rg8 44. Ke2 Kf6 45. Ke3
Kg5 46. Rh7 Re8+ 47. Kd3 Rd8+ 48. Ke2 Re8+ 49. Kf1 Re6 50. Rg7+ Kf5 51. Rf7+
Kg5 52. Kg2 Re4 53. Ra7 Rb4 54. Re7 Rb1 55. Re5+ Kg6 56. f4 gxf3+ 57. Kxf3 Rb3+
58. Kg4 Rb4+ 59. Kh3 Ra4 60. Rb5 Rc4 61. g4 Ra4 62. Kh4 Ra6 63. Rg5+ Kh6 64.
Rg8 Ra1 1/2-1/2

[Event "4NCL Division Three East"]
[Site "Milton Keynes, ENG"]
[Date "2023.04.30"]
[Round "10.26"]
[White "Tart, Peter K"]
[Black "Honarvar, Hooman"]
[Result "0-1"]
[WhiteElo "1856"]
[BlackElo "1865"]
[PlyCount "84"]
[EventDate "2023.04.30"]
[WhiteTeam "Crowthorne A"]
[BlackTeam "Sussex Martlets 2"]

1. e4 c6 2. d4 d5 3. Bd3 dxe4 4. Bxe4 Nf6 5. Bf3 Bf5 6. g4 Be4 7. g5 Bxf3 8.
Nxf3 Ne4 9. Qe2 Qd5 10. Nbd2 Nxg5 11. c4 Nxf3+ 12. Nxf3 Qh5 13. Rg1 e6 14. Bd2
h6 15. O-O-O Nd7 16. Bc3 O-O-O 17. Qe3 Nb6 18. Nd2 Be7 19. b3 Bf6 20. Ne4 Rhg8
21. Ng3 Qg5 22. f4 Qh4 23. Be1 Qh3 24. Bf2 Rd7 25. Qe4 Rgd8 26. Rd3 Qh4 27. Qf3
Qh3 28. Qe4 Qg4 29. h3 Qxh3 30. Qf3 e5 31. f5 h5 32. c5 Na8 33. Qxh5 Qxh5 34.
Nxh5 Be7 35. Rxg7 exd4 36. b4 b6 37. Kc2 Bf8 38. Rh7 bxc5 39. bxc5 Bxc5 40. Bh4
Rg8 41. Nf6 Rg2+ 42. Kb3 Rb7+ 0-1

[Event "4NCL Division Three East"]
[Site "Milton Keynes, ENG"]
[Date "2023.04.30"]
[Round "10.31"]
[White "Sagues, Vincent"]
[Black "Smith, Olivia"]
[Result "1/2-1/2"]
[WhiteElo "2066"]
[BlackElo "2085"]
[PlyCount "82"]
[EventDate "2023.04.30"]
[WhiteTeam "Iceni 1"]
[BlackTeam "Rhyfelwyr Essyllwg"]

1. e4 e5 2. Nf3 Nf6 3. Nxe5 d6 4. Nf3 Nxe4 5. Nc3 Nxc3 6. dxc3 Be7 7. Be3 O-O
8. Qd2 Nd7 9. O-O-O Nf6 10. Kb1 c5 11. c4 b5 12. cxb5 a6 13. b6 Qxb6 14. c4 Rb8
15. Bd3 Ng4 16. Bg5 f6 17. Bf4 Ne5 18. Bxe5 fxe5 19. Qc2 Bf5 20. Bxf5 Rxf5 21.
Rd2 Rf4 22. Re1 Qb4 23. Re4 Bf6 24. Rde2 Qb7 25. Qd3 Rxe4 26. Qxe4 Qxe4+ 27.
Rxe4 Rb4 28. a3 Rb7 29. Kc2 Kf7 30. b3 a5 31. Nd2 Ke6 32. Nb1 Bd8 33. Nc3 Rf7
34. f3 h5 35. Nd5 g5 36. h3 Kd7 37. Kd3 Kc6 38. Nc3 Rb7 39. Kc2 Rf7 40. Kd3 Rb7
41. Kc2 Rf7 1/2-1/2

[Event "4NCL Division Three East"]
[Site "Milton Keynes, ENG"]
[Date "2023.04.30"]
[Round "10.32"]
[White "Brown, Thomas"]
[Black "Ortiz Sanchez, Luis"]
[Result "1-0"]
[WhiteElo "2104"]
[BlackElo "2056"]
[PlyCount "47"]
[EventDate "2023.04.30"]
[WhiteTeam "Rhyfelwyr Essyllwg"]
[BlackTeam "Iceni 1"]

1. d4 f5 2. Nf3 Nf6 3. g3 g6 4. Bg2 Bg7 5. O-O O-O 6. Nbd2 Nc6 7. Re1 d5 8. c4
e6 9. b3 Ne4 10. Bb2 g5 11. Ne5 Nxe5 12. dxe5 Nxd2 13. Qxd2 c6 14. Rad1 Kh8 15.
e4 fxe4 16. Bxe4 Qe7 17. Bb1 Rf7 18. Bc1 h6 19. Qc2 Kg8 20. h4 Rf5 21. g4 Rf3
22. Kg2 Qf7 23. Qh7+ Kf8 24. Ba3+ 1-0

[Event "4NCL Division Three East"]
[Site "Milton Keynes, ENG"]
[Date "2023.04.30"]
[Round "10.33"]
[White "Hughes, Roy"]
[Black "Young, Alan"]
[Result "1-0"]
[WhiteElo "2050"]
[BlackElo "2051"]
[PlyCount "85"]
[EventDate "2023.04.30"]
[WhiteTeam "Iceni 1"]
[BlackTeam "Rhyfelwyr Essyllwg"]

1. d4 d5 2. g3 c5 3. Bg2 cxd4 4. Nf3 Nf6 5. O-O g6 6. Nxd4 Bg7 7. c4 O-O 8.
cxd5 Nxd5 9. Nb3 e6 10. e4 Nb6 11. Nc3 Nc6 12. Qe2 Nd4 13. Nxd4 Qxd4 14. Rb1
Qc4 15. Qxc4 Nxc4 16. Rd1 Rb8 17. Ne2 e5 18. b3 Na5 19. Ba3 Re8 20. Nc3 Be6 21.
Nd5 Bxd5 22. exd5 b5 23. Bc5 Nb7 24. Bxa7 Ra8 25. Be3 Nd6 26. Bc5 Bf8 27. a3
Rec8 28. Rbc1 Rab8 29. Bb4 Rxc1 30. Rxc1 Rc8 31. Rc6 Rd8 32. Rb6 f5 33. Bf1 Kg7
34. Bxb5 Ne4 35. Bxf8+ Kxf8 36. Bc6 f4 37. gxf4 exf4 38. Kg2 g5 39. Rb7 g4 40.
f3 Ng5 41. fxg4 Kg8 42. h4 Ne4 43. Kf3 1-0

[Event "4NCL Division Three East"]
[Site "Milton Keynes, ENG"]
[Date "2023.04.30"]
[Round "10.34"]
[White "Hewitt, William"]
[Black "Calvert, D Ian"]
[Result "1/2-1/2"]
[WhiteElo "1997"]
[BlackElo "2022"]
[PlyCount "61"]
[EventDate "2023.04.30"]
[WhiteTeam "Rhyfelwyr Essyllwg"]
[BlackTeam "Iceni 1"]

1. e4 d5 2. exd5 Qxd5 3. Nc3 Qd6 4. d4 Nf6 5. Nf3 c6 6. Ne5 Nbd7 7. Nc4 Qc7 8.
Qf3 Nb6 9. Bf4 Qd7 10. Nxb6 axb6 11. O-O-O Qg4 12. Qe3 Qe6 13. d5 Qxe3+ 14.
Bxe3 Nxd5 15. Nxd5 cxd5 16. Rxd5 Bd7 17. Bxb6 e6 18. Rd4 Rxa2 19. Kb1 Ra8 20.
Bc4 Be7 21. Rhd1 Bc6 22. f3 O-O 23. c3 Rfc8 24. Bb3 g6 25. Bc2 Bd5 26. R4d3 Rc6
27. Be3 Kg7 28. Bd4+ Bf6 29. Bxf6+ Kxf6 30. Re3 Rca6 31. Kc1 1/2-1/2

[Event "4NCL Division Three East"]
[Site "Milton Keynes, ENG"]
[Date "2023.04.30"]
[Round "10.35"]
[White "Reynolds, D Ian W"]
[Black "Van Kemenade, Rudy"]
[Result "1/2-1/2"]
[WhiteElo "1911"]
[BlackElo "1936"]
[PlyCount "82"]
[EventDate "2023.04.30"]
[WhiteTeam "Iceni 1"]
[BlackTeam "Rhyfelwyr Essyllwg"]

1. e4 e5 2. Nf3 Nf6 3. d4 Nxe4 4. Bd3 d5 5. Nxe5 Nd7 6. O-O Nxe5 7. dxe5 Nc5 8.
Re1 Be7 9. Bf1 O-O 10. c3 Ne4 11. Be3 f5 12. exf6 Bxf6 13. Nd2 Bf5 14. Nxe4
Bxe4 15. Bd3 Bxd3 16. Qxd3 c6 17. Rad1 Qa5 18. a3 Qa4 19. Bd4 Bxd4 20. Qxd4 Qc2
21. Rd2 Qf5 22. f3 b6 23. c4 Rad8 24. cxd5 Rxd5 25. Qc4 Rfd8 26. Red1 Kf8 27.
Rxd5 cxd5 28. Qb4+ Kf7 29. Rd4 Kg8 30. Qd2 Rc8 31. h3 Rc2 32. Qe3 h6 33. Rd2
Rxd2 34. Qxd2 Qe5 35. Kf2 Kf7 36. f4 Qe4 37. Qe3 Qc2+ 38. Qe2 Qc5+ 39. Kf3 d4
40. Qd3 Qd5+ 41. Kf2 g6 1/2-1/2

[Event "4NCL Division Three East"]
[Site "Milton Keynes, ENG"]
[Date "2023.04.30"]
[Round "10.36"]
[White "Trevelyan, John"]
[Black "Gibbs, Dominic V"]
[Result "1-0"]
[WhiteElo "1865"]
[BlackElo "1948"]
[PlyCount "97"]
[EventDate "2023.04.30"]
[WhiteTeam "Rhyfelwyr Essyllwg"]
[BlackTeam "Iceni 1"]

1. d4 e6 2. c4 f5 3. Nc3 Nf6 4. f4 Bb4 5. Bd2 b6 6. Nf3 Bb7 7. e3 O-O 8. Bd3 d6
9. Qc2 Nbd7 10. O-O-O d5 11. Kb1 Qe7 12. cxd5 Bxc3 13. bxc3 Bxd5 14. c4 Be4 15.
Be1 c5 16. Bxe4 Nxe4 17. Bh4 Ndf6 18. d5 b5 19. Ka1 bxc4 20. Qxc4 Nd6 21. Qc2
exd5 22. Rxd5 Qe6 23. Re5 Qc4 24. Rxc5 Qxc2 25. Rxc2 Ng4 26. Be7 Rfc8 27. Rxc8+
Nxc8 28. Bc5 Nb6 29. h3 Nf2 30. Rb1 Nd5 31. Ne5 a6 32. Rb7 Nc3 33. Bd4 Nb5 34.
Bb2 Nd1 35. Nc6 Nxb2 36. Kxb2 Kf8 37. Kb3 Nd6 38. Rb8+ Rxb8+ 39. Nxb8 Ke8 40.
Nxa6 Kd7 41. Kc3 Ke6 42. Kd4 Nb5+ 43. Kc5 Na3 44. Nb4 h5 45. h4 g6 46. Nc6 Kd7
47. Nd4 Kc8 48. Kb4 Nb1 49. Nf3 1-0

[Event "4NCL Division Three East"]
[Site "Milton Keynes, ENG"]
[Date "2023.04.30"]
[Round "10.41"]
[White "Seymour, Timothy P"]
[Black "Swanson, Stephen"]
[Result "0-1"]
[WhiteElo "2116"]
[BlackElo "2215"]
[PlyCount "75"]
[EventDate "2023.04.30"]
[WhiteTeam "Surbiton"]
[BlackTeam "Poisoned Pawns"]

1. Nf3 d6 2. d4 g6 3. b3 Bg7 4. Bb2 Nf6 5. e3 O-O 6. Be2 Nbd7 7. O-O e5 8. dxe5
Ng4 9. c4 Ngxe5 10. Nc3 Nxf3+ 11. Bxf3 Ne5 12. Be2 Re8 13. Qd2 Bd7 14. Rad1 Bc6
15. Nd5 a5 16. f4 Nd7 17. Bxg7 Kxg7 18. Bf3 f6 19. Rde1 a4 20. b4 a3 21. e4
Bxd5 22. cxd5 Re7 23. Re3 Qe8 24. Rc3 Nb6 25. Rfc1 Qf7 26. Qc2 f5 27. Rxc7 Rae8
28. Qc3+ Kh6 29. exf5 gxf5 30. Rxe7 Rxe7 31. Qd4 Nd7 32. Kf2 Nf6 33. Re1 Rxe1
34. Kxe1 Kg6 35. Kd2 Qc7 36. g3 h5 37. Qc3 Qb8 38. Be2 0-1

[Event "4NCL Division Three East"]
[Site "Milton Keynes, ENG"]
[Date "2023.04.30"]
[Round "10.42"]
[White "Pickard, Charles"]
[Black "Scott, David A"]
[Result "1-0"]
[WhiteElo "2168"]
[BlackElo "2063"]
[PlyCount "81"]
[EventDate "2023.04.30"]
[WhiteTeam "Poisoned Pawns"]
[BlackTeam "Surbiton"]

1. Nf3 d5 2. c4 c6 3. cxd5 cxd5 4. d4 Nf6 5. Bf4 Nc6 6. e3 a6 7. Bd3 Bg4 8. O-O
e6 9. Nc3 Bd6 10. Bxd6 Qxd6 11. Rc1 O-O 12. Na4 Ne4 13. Nc5 Nxc5 14. dxc5 Bxf3
15. Qxf3 Qe5 16. Qe2 f5 17. Qd2 a5 18. a3 Rfc8 19. b4 axb4 20. axb4 Ra3 21. b5
Nd8 22. Rc2 Rca8 23. Rfc1 Ra1 24. c6 Rxc1+ 25. Rxc1 bxc6 26. bxc6 Rc8 27. Bb5
Qd6 28. Qc2 Rc7 29. h3 Nf7 30. f4 Qe7 31. Ra1 Nd6 32. Qc5 Kf7 33. Ra6 Nxb5 34.
Qxb5 Qd6 35. Rb6 Kf6 36. Qb2+ Kg6 37. Qc3 Kh6 38. Rb7 d4 39. exd4 Rxc6 40. Qg3
Rc7 41. Qg5# 1-0

[Event "4NCL Division Three East"]
[Site "Milton Keynes, ENG"]
[Date "2023.04.30"]
[Round "10.43"]
[White "Dupre, Paul D"]
[Black "Weersing, Abigail Riis"]
[Result "1/2-1/2"]
[WhiteElo "1943"]
[BlackElo "2095"]
[PlyCount "95"]
[EventDate "2023.04.30"]
[WhiteTeam "Surbiton"]
[BlackTeam "Poisoned Pawns"]

1. d4 Nf6 2. c4 e6 3. Nf3 d5 4. Bg5 Be7 5. Nc3 O-O 6. e3 h6 7. Bh4 b6 8. cxd5
exd5 9. Bd3 Bb7 10. O-O Nbd7 11. Qe2 Ne4 12. Bxe7 Qxe7 13. Rac1 c5 14. Rfd1
Rac8 15. dxc5 Nxc3 16. Rxc3 bxc5 17. Bf5 Rfd8 18. Qb5 Bc6 19. Qa5 d4 20. exd4
cxd4 21. Nxd4 Nb6 22. Bxc8 Rxd4 23. Rf1 Qe2 24. Ba6 Qe4 25. Rg3 Nd5 26. Qd8+
Kh7 27. Qf8 Qe5 28. Qxf7 Nf4 29. Bc4 Bd5 30. Bxd5 Ne2+ 31. Kh1 Nxg3+ 32. hxg3
Rxd5 33. Qf3 Rd2 34. b4 Rxa2 35. Qd3+ Kh8 36. Qb1 Qb2 37. Qe1 Qc2 38. Kg1 Kh7
39. Qe3 Rb2 40. Kh2 Rxb4 41. Rc1 Qf5 42. Qxa7 Rb2 43. Kg1 Qe4 44. Qc5 Qg6 45.
Qd5 Rb8 46. Rc4 Re8 47. g4 Qf6 48. Qf5+ 1/2-1/2

[Event "4NCL Division Three East"]
[Site "Milton Keynes, ENG"]
[Date "2023.04.30"]
[Round "10.44"]
[White "Rosen, Daniel B"]
[Black "Faulks, Nick"]
[Result "0-1"]
[WhiteElo "2092"]
[BlackElo "1804"]
[PlyCount "64"]
[EventDate "2023.04.30"]
[WhiteTeam "Poisoned Pawns"]
[BlackTeam "Surbiton"]

1. e4 c5 2. Nc3 a6 3. g3 b5 4. Bg2 Bb7 5. d3 e6 6. f4 d6 7. Nf3 Nd7 8. O-O Qc7
9. Qe2 b4 10. Nd1 Be7 11. Ne3 Nb6 12. f5 e5 13. Nd2 Nf6 14. Ndc4 Rc8 15. a3 O-O
16. Nxb6 Qxb6 17. Nc4 Qc7 18. axb4 cxb4 19. Bd2 d5 20. exd5 Bxd5 21. Bxd5 Nxd5
22. Qg2 Nb6 23. Ne3 Bc5 24. Rxa6 b3 25. cxb3 Rfd8 26. b4 Bd4 27. f6 Nd5 28. Qe4
Qb7 29. Ra5 Rc2 30. Rxd5 Qxd5 31. Rf2 Qxe4 32. dxe4 Rxd2 0-1

[Event "4NCL Division Three East"]
[Site "Milton Keynes, ENG"]
[Date "2023.04.30"]
[Round "10.45"]
[White "Davies, Neil"]
[Black "Kemp, Paul R"]
[Result "1/2-1/2"]
[WhiteElo "1837"]
[BlackElo "2014"]
[PlyCount "45"]
[EventDate "2023.04.30"]
[WhiteTeam "Surbiton"]
[BlackTeam "Poisoned Pawns"]

1. Nf3 d5 2. d4 Nf6 3. g3 Bf5 4. Bg2 e6 5. O-O h6 6. c4 c6 7. Nc3 Nbd7 8. Qb3
Qb6 9. c5 Qa6 10. Bf4 b6 11. Qa4 Qxa4 12. Nxa4 bxc5 13. Nxc5 Nxc5 14. dxc5 Be4
15. b4 Nd7 16. Ne5 Bxg2 17. Kxg2 Nxe5 18. Bxe5 f6 19. Bc3 Kd7 20. f4 a5 21. a3
Be7 22. Rfe1 Rhe8 23. Kf3 1/2-1/2

[Event "4NCL Division Three East"]
[Site "Milton Keynes, ENG"]
[Date "2023.04.30"]
[Round "10.46"]
[White "McMahon, Paul"]
[Black "Alcock, Graham P"]
[Result "1-0"]
[WhiteElo "1965"]
[BlackElo "1749"]
[PlyCount "167"]
[EventDate "2023.04.30"]
[WhiteTeam "Poisoned Pawns"]
[BlackTeam "Surbiton"]

1. e4 d5 2. exd5 Qxd5 3. Nc3 Qd6 4. d4 Nf6 5. Nf3 c6 6. g3 Bg4 7. Bg2 e6 8. O-O
Na6 9. a3 Nc7 10. Bf4 Qd8 11. Re1 Bd6 12. Bg5 O-O 13. Qd3 Be7 14. Ne5 Bf5 15.
Qe2 Ne4 16. Bxe7 Nxc3 17. Bxd8 Nxe2+ 18. Rxe2 Raxd8 19. g4 Bg6 20. Rd1 Nd5 21.
Bxd5 exd5 22. Nxg6 fxg6 23. Re7 Rf7 24. Rde1 Kf8 25. Rxf7+ Kxf7 26. Kg2 Rd7 27.
f4 Rc7 28. c3 Rd7 29. Re5 Rd8 30. Kf3 Rd7 31. h3 Rd8 32. h4 Rd7 33. h5 Rd6 34.
Kg3 Rd7 35. Kh4 Rd6 36. g5 Rd7 37. Kg4 Rd6 38. Kh4 Rd7 39. Kg4 Rd6 40. a4 a5
41. h6 gxh6 42. gxh6 b6 43. Kg5 Rf6 44. b4 Rd6 45. bxa5 bxa5 46. Re2 Re6 47.
Rb2 Re1 48. Rb7+ Re7 49. Rb6 Re1 50. Rxc6 Rg1+ 51. Kh4 Ra1 52. Rc7+ Kf6 53.
Rxh7 Rh1+ 54. Kg4 Rg1+ 55. Kf3 Rh1 56. Ra7 Rxh6 57. Rxa5 Rh3+ 58. Kg4 Rxc3 59.
Rxd5 Rc4 60. a5 Ra4 61. Rd6+ Ke7 62. Rxg6 Rxa5 63. Kf3 Ra1 64. Ke4 Re1+ 65. Kd5
Rf1 66. Re6+ Kd7 67. Re4 Ra1 68. Ke5 Ke7 69. f5 Ra5+ 70. d5 Ra6 71. Kf4+ Kf7
72. Rc4 Ra1 73. Ke5 Re1+ 74. Re4 Ra1 75. d6 Ra5+ 76. Kf4 Rd5 77. Re6 Rd1 78.
Ke5 Re1+ 79. Kd5 Rd1+ 80. Kc6 Rc1+ 81. Kd7 Rc2 82. Kd8 Rc5 83. Re7+ Kf6 84. d7
1-0

[Event "4NCL Division Three East"]
[Site "Milton Keynes, ENG"]
[Date "2023.04.30"]
[Round "10.51"]
[White "Rich, Mark C"]
[Black "Lancaster, Roger"]
[Result "1/2-1/2"]
[WhiteElo "2070"]
[BlackElo "1959"]
[PlyCount "57"]
[EventDate "2023.04.30"]
[WhiteTeam "Cambridge University 2"]
[BlackTeam "Watford A"]

1. e4 e6 2. d4 d5 3. Bd3 dxe4 4. Bxe4 Nf6 5. Bf3 c5 6. Ne2 Nc6 7. Be3 cxd4 8.
Nxd4 Bd7 9. O-O Be7 10. Nxc6 Bxc6 11. Qxd8+ Bxd8 12. Bxc6+ bxc6 13. c4 Ng4 14.
Bd4 Bf6 15. Bxf6 Nxf6 16. Nc3 Ke7 17. Rfd1 Rhd8 18. Kf1 Rxd1+ 19. Rxd1 Rd8 20.
Rxd8 Kxd8 21. Ke2 Ke7 22. h3 e5 23. g4 h6 24. Ke3 g6 25. Ne2 Nd7 26. f4 Ke6 27.
fxe5 Kxe5 28. Nd4 Kd6 29. b3 1/2-1/2

[Event "4NCL Division Three East"]
[Site "Milton Keynes, ENG"]
[Date "2023.04.30"]
[Round "10.52"]
[White "Nelson, Omowale"]
[Black "Lee, Richard W Y"]
[Result "0-1"]
[WhiteElo "1973"]
[BlackElo "2088"]
[PlyCount "78"]
[EventDate "2023.04.30"]
[WhiteTeam "Watford A"]
[BlackTeam "Cambridge University 2"]

1. d4 d5 2. Nf3 Nf6 3. c4 e6 4. g3 Be7 5. Bg2 O-O 6. Qc2 c6 7. O-O b6 8. Nbd2
Nbd7 9. b3 Bb7 10. Bb2 Rc8 11. Rfd1 c5 12. Ne5 cxd4 13. Bxd4 Nxe5 14. Bxe5 Ng4
15. Bb2 Bc5 16. Ne4 dxe4 17. Rxd8 Bxf2+ 18. Kh1 Rfxd8 19. h3 Ne3 20. Qc3 f6 21.
Rc1 Nd1 22. Qc2 Ne3 23. Qc3 Nxg2 24. Kxg2 e3+ 25. Kh2 Rd2 26. Qb4 Kf7 27. Ba3
Rc5 28. Qa4 Rg5 29. g4 a5 30. c5 bxc5 31. Qxa5 Be4 32. Qa7+ Kg6 33. Qa6 Rxa2
34. Qxe6 Re5 35. Qa6 h5 36. Qa5 hxg4 37. hxg4 Re8 38. Rxc5 Ra1 39. Rg5+ fxg5
0-1

[Event "4NCL Division Three East"]
[Site "Milton Keynes, ENG"]
[Date "2023.04.30"]
[Round "10.53"]
[White "Atako, Chino C"]
[Black "Rubeck, Jonathan"]
[Result "0-1"]
[WhiteElo "2039"]
[BlackElo "1918"]
[PlyCount "56"]
[EventDate "2023.04.30"]
[WhiteTeam "Cambridge University 2"]
[BlackTeam "Watford A"]

1. d4 Nf6 2. Nc3 d5 3. Bf4 g6 4. f3 Bg7 5. e4 dxe4 6. fxe4 Bg4 7. Qd2 Nh5 8.
Be3 Nc6 9. Bb5 a6 10. Bxc6+ bxc6 11. Nf3 O-O 12. O-O Rb8 13. Na4 Nf6 14. Qd3
Bxf3 15. gxf3 Nh5 16. b3 e5 17. c3 Rb5 18. Rad1 Qh4 19. c4 exd4 20. cxb5 dxe3
21. Qxe3 axb5 22. Nc5 Be5 23. Rf2 Bf4 24. Qd4 Qg5+ 25. Kf1 Be3 26. Rg2 Qf4 27.
Qc3 Qxf3+ 28. Ke1 Bf2+ 0-1

[Event "4NCL Division Three East"]
[Site "Milton Keynes, ENG"]
[Date "2023.04.30"]
[Round "10.54"]
[White "Taylor, Alistair"]
[Black "Gooding, Ian"]
[Result "0-1"]
[WhiteElo "1865"]
[BlackElo "1961"]
[PlyCount "48"]
[EventDate "2023.04.30"]
[WhiteTeam "Watford A"]
[BlackTeam "Cambridge University 2"]

1. d4 d5 2. c4 c6 3. Nf3 Nf6 4. Nc3 dxc4 5. a4 Na6 6. e4 Bg4 7. Bxc4 e6 8. Be3
Nb4 9. Qb3 Bxf3 10. gxf3 Be7 11. Rg1 O-O 12. e5 Nh5 13. Be2 g6 14. O-O-O Qc7
15. Bh6 Rfd8 16. f4 Ng7 17. Bg5 Nf5 18. Bxe7 Qxe7 19. Ne4 Nxd4 20. Rxd4 Rxd4
21. Nf6+ Kg7 22. Qh3 Qc5+ 23. Kb1 Qc2+ 24. Ka1 Qxa4+ 0-1

[Event "4NCL Division Three East"]
[Site "Milton Keynes, ENG"]
[Date "2023.04.30"]
[Round "10.55"]
[White "Alldritt, Nigel R E"]
[Black "Shine, Patrick"]
[Result "1-0"]
[WhiteElo "2001"]
[BlackElo "1727"]
[PlyCount "105"]
[EventDate "2023.04.30"]
[WhiteTeam "Cambridge University 2"]
[BlackTeam "Watford A"]

1. d4 e6 2. c4 Nf6 3. g3 Bb4+ 4. Bd2 Be7 5. Nf3 O-O 6. Bg2 c5 7. Nc3 cxd4 8.
Nxd4 Nc6 9. Nxc6 dxc6 10. e4 Qd3 11. Qe2 Qxe2+ 12. Nxe2 e5 13. Bc3 Be6 14. b3
Bc5 15. O-O Nd7 16. Rad1 Rfd8 17. Rd2 a5 18. Rfd1 Bb4 19. Bxb4 axb4 20. Nc1
Rdc8 21. Rxd7 Bxd7 22. Rxd7 Rd8 23. Rxd8+ Rxd8 24. Bf3 Rd2 25. Kf1 f6 26. Ke1
Rc2 27. Nd3 Rxa2 28. Nxb4 Rb2 29. Bd1 Kf7 30. h3 Ke7 31. Bc2 c5 32. Nd5+ Kd6
33. Kd2 Ra2 34. Kc1 Ra1+ 35. Bb1 h5 36. Ne3 g6 37. Nd5 Ke6 38. Nc3 Ra8 39. Nd5
Rh8 40. Kd2 h4 41. g4 g5 42. Kc3 Rb8 43. Bc2 Kd6 44. Bd3 Ra8 45. Kb2 Rb8 46.
Be2 Kc6 47. f3 Rf8 48. Kc3 Kd6 49. b4 cxb4+ 50. Kxb4 Ke6 51. c5 Kd7 52. Kb5 Ra8
53. Nb6+ 1-0

[Event "4NCL Division Three East"]
[Site "Milton Keynes, ENG"]
[Date "2023.04.30"]
[Round "10.56"]
[White "Tathare, Sandesh"]
[Black "Webster, Peter A N"]
[Result "0-1"]
[WhiteElo "1533"]
[BlackElo "1910"]
[PlyCount "64"]
[EventDate "2023.04.30"]
[WhiteTeam "Watford A"]
[BlackTeam "Cambridge University 2"]

1. e4 e6 2. c4 d5 3. cxd5 exd5 4. exd5 Qxd5 5. Nc3 Qa5 6. Bc4 Nf6 7. Qb3 Qh5 8.
Nf3 Bd6 9. d4 O-O 10. h3 Nc6 11. Be3 Na5 12. Qb5 Nxc4 13. Qxc4 Be6 14. Qe2 Rfe8
15. Nd2 Bg4 16. Nf3 Bf4 17. O-O-O Bxf3 18. gxf3 Re7 19. h4 Rae8 20. Rd3 Qh6 21.
Kd2 c6 22. h5 a5 23. Rh4 Bg5 24. Re4 Nxe4+ 25. Nxe4 Bxe3+ 26. fxe3 Qxh5 27. Qg2
Re6 28. Nf2 Rg6 29. Qh1 Qxh1 30. Nxh1 Rg2+ 31. Kc3 h5 32. Rd2 Rxe3+ 0-1

[Event "4NCL Division Three East"]
[Site "Milton Keynes, ENG"]
[Date "2023.05.01"]
[Round "11.11"]
[White "Payne, Matthew J"]
[Black "Kanellopoulos, Panayotis"]
[Result "1/2-1/2"]
[WhiteElo "2153"]
[BlackElo "2265"]
[PlyCount "61"]
[EventDate "2023.05.01"]
[WhiteTeam "Sussex Martlets 2"]
[BlackTeam "Anglian Avengers 1"]

1. e4 c5 2. Nc3 Nc6 3. Bb5 Nd4 4. Nf3 a6 5. Bd3 g6 6. O-O Bg7 7. Re1 d6 8. h3
Nf6 9. Rb1 Nc6 10. a3 O-O 11. b4 cxb4 12. axb4 b5 13. Bf1 Bb7 14. d4 Rc8 15.
Bd2 e5 16. d5 Nb8 17. Rb3 Nbd7 18. Qc1 Nb6 19. Bh6 Nh5 20. g3 f5 21. Bxg7 Nxg7
22. Qh6 Nd7 23. Ng5 Nf6 24. Bd3 Qb6 25. Nd1 f4 26. gxf4 exf4 27. Nc3 Rce8 28.
e5 dxe5 29. Nce4 Ngh5 30. Nxf6+ Nxf6 31. Bxg6 1/2-1/2

[Event "4NCL Division Three East"]
[Site "Milton Keynes, ENG"]
[Date "2023.05.01"]
[Round "11.12"]
[White "Scott, Gordon W"]
[Black "Grant, David J"]
[Result "1-0"]
[WhiteElo "2275"]
[BlackElo "2209"]
[PlyCount "83"]
[EventDate "2023.05.01"]
[WhiteTeam "Anglian Avengers 1"]
[BlackTeam "Sussex Martlets 2"]

1. d4 Nf6 2. c4 g6 3. Nf3 Bg7 4. g3 O-O 5. Bg2 c5 6. d5 d6 7. Nc3 e6 8. O-O
exd5 9. cxd5 a6 10. a4 Nbd7 11. Nd2 Qc7 12. Nc4 Re8 13. Bf4 Bf8 14. Qd2 Rb8 15.
a5 b5 16. axb6 Nxb6 17. Na3 Bf5 18. Bh6 Bxh6 19. Qxh6 Nbd7 20. f3 Ne5 21. e4
Bd7 22. Qd2 c4 23. Qd4 Kg7 24. f4 Nd3 25. Nxc4 Nxb2 26. Nxb2 Rxb2 27. Rxa6 Rc8
28. Nd1 Bb5 29. Nxb2 Bxa6 30. Ra1 Be2 31. e5 dxe5 32. fxe5 Ng4 33. d6 Qc1+ 34.
Rxc1 Rxc1+ 35. Bf1 Bxf1 36. Qd2 Rb1 37. Nd1 Bb5 38. e6 Ne5 39. Qc2 Bd3 40. Qxb1
Bxb1 41. e7 Nf3+ 42. Kf2 1-0